000 00150nam a22000857a 4500
082 _a823
100 _aMADAV
245 _aTHE PRICE OF BEAUTY
942 _cBK
999 _c8179
_d8179